Movie Titles by Main Character - Statistics

General Stats
  • This quiz has been taken 544 times
  • The average score is 18 of 35
Answer Stats
Hint Answer % Correct
Luke Skywalker Star Wars
98%
Buzz Lightyear Toy Story
93%
Princess Fiona Shrek
90%
Marty McFly Back to the Future
88%
Vito Corleone The Godfather
82%
Danny Ocean Ocean's Eleven
78%
John McClane Die Hard
75%
Norman Bates Psycho
75%
Kevin McCallister Home Alone
71%
Indiana Jones Raiders of the Lost Ark
71%
Scarlett O'Hara Gone With the Wind
69%
Clarice Starling The Silence of the Lambs
69%
William Wallace Braveheart
64%
Dorothy Gale The Wizard of Oz
64%
Maximus Decimus Meridius Gladiator
63%
Mrs. Robinson The Graduate
61%
Nurse Ratched One Flew Over the Cuckoo's Nest
55%
Gordon Gekko Wall Street
53%
Vincent Vega Pulp Fiction
50%
Andy Dufresne The Shawshank Redemption
45%
Axel Foley Beverly Hills Cop
44%
Holly Golightly Breakfast at Tiffanys
39%
George Bailey It's a Wonderful Life
39%
Rose DeWitt Bukater Titanic
37%
Dr. Frank-n-furter Rocky Horror Picture Show
36%
Rick Blaine Casablanca
32%
Henry Hill Goodfellas
28%
Dr. Ian Malcolm Jurassic Park
28%
Rick Deckard Bladerunner
26%
Marge Gunderson Fargo
26%
John Blutarsky Animal House
19%
Edward Lewis Pretty Woman
13%
Sheriff Bart Blazing Saddles
9%
Lara Antipova Dr. Zhivago
9%
Johnny "Kelly" Hooker The Sting
4%
No matching quizzes found
Score Distribution
Percent of People with Each Score
Percentile by Number Answered
Your Score History
You have not taken this quiz